Ảnh hưởng của thuốc diệt ốc bươu vàng helix 500WP, osbuvang 800WP, deadline bullets 4% lên một số chỉ tiêu sinh lý cá rô đồng giống : Luận văn tốt nghiệp Đại học: Chuyên ngành môi trường & QLTNTN
Đề tài nhằm mục tiêu đánh giá ảnh hưởng của thuốc trừ ốc bươu vàng helix 500WP, osbuvang 800WP, deadline bullets 4% lên một số chỉ tiêu sinh lý và khả năng tiêu thụ thức ăn của cá rô đồng.
Spremljeno u:
| Glavni autor: | |
|---|---|
| Format: | Knjiga |
| Jezik: | Undetermined |
| Izdano: |
Cần Thơ
Trường Đại học Cần Thơ
2004
|
| Teme: | |
| Oznake: |
Dodaj oznaku
Bez oznaka, Budi prvi tko označuje ovaj zapis!
|
| Thư viện lưu trữ: | Trung tâm Học liệu Trường Đại học Cần Thơ |
|---|
| LEADER | 01225nam a2200205Ia 4500 | ||
|---|---|---|---|
| 001 | CTU_143288 | ||
| 008 | 210402s9999 xx 000 0 und d | ||
| 082 | |a 632.95 | ||
| 082 | |b Ph506 | ||
| 100 | |a Nguyễn, Hoàng Phúc | ||
| 245 | 0 | |a Ảnh hưởng của thuốc diệt ốc bươu vàng helix 500WP, osbuvang 800WP, deadline bullets 4% lên một số chỉ tiêu sinh lý cá rô đồng giống : | |
| 245 | 0 | |b Luận văn tốt nghiệp Đại học: Chuyên ngành môi trường & QLTNTN | |
| 245 | 0 | |c Nguyễn Hoàng Phúc; Nguyễn Văn Công (Giáo viên hướng dẫn) | |
| 260 | |a Cần Thơ | ||
| 260 | |b Trường Đại học Cần Thơ | ||
| 260 | |c 2004 | ||
| 520 | |a Đề tài nhằm mục tiêu đánh giá ảnh hưởng của thuốc trừ ốc bươu vàng helix 500WP, osbuvang 800WP, deadline bullets 4% lên một số chỉ tiêu sinh lý và khả năng tiêu thụ thức ăn của cá rô đồng. | ||
| 650 | |a Pesticides,Freshwater Fishes,Thuốc trừ sâu,Nuôi cá nước ngọt | ||
| 904 | |i Trọng Hải | ||
| 980 | |a Trung tâm Học liệu Trường Đại học Cần Thơ | ||